|
|
|
|
| LEADER |
00000nlm0a2200000 4500 |
| 001 |
645580 |
| 005 |
20240110162140.0 |
| 029 |
1 |
0 |
|a СССР
|b 1328774
|c А. с.
|d МПК G 01 T 1/16
|
| 035 |
|
|
|a (RuTPU)RU\TPU\network\10671
|
| 035 |
|
|
|a RU\TPU\network\8714
|
| 039 |
0 |
|
|a RU
|b 4024708
|c 19860219
|
| 090 |
|
|
|a 645580
|
| 100 |
|
|
|a 20160114j19900130k y0rusy50 ca
|
| 101 |
0 |
|
|a rus
|
| 102 |
|
|
|a RU
|
| 105 |
|
|
|a a k 000zy
|
| 135 |
|
|
|a drgn ---uucaa
|
| 181 |
|
0 |
|a i
|
| 182 |
|
0 |
|a b
|
| 200 |
1 |
|
|a Радиационный дозиметр
|f В. Г. Волков, М. М. Штейн
|g Томский политехнический университет (ТПУ), Научно-исследовательский институт интроскопии (НИИ ИН)
|
| 203 |
|
|
|a Текст
|c электронный
|
| 300 |
|
|
|a опубл. 30.01.90
|
| 330 |
|
|
|a Изобретение относится к области радиационного приборостроения, а именно к рентгеновской экспонометрии.
|
| 610 |
1 |
|
|a труды учёных ТПУ
|
| 610 |
1 |
|
|a электронный ресурс
|
| 610 |
1 |
|
|a изобретения
|
| 610 |
1 |
|
|a авторские свидетельства
|
| 610 |
1 |
|
|a радиационные дозиметры
|
| 610 |
1 |
|
|a дозиметры
|
| 610 |
1 |
|
|a приборостроение
|
| 610 |
1 |
|
|a рентгеновская экспонометрия
|
| 610 |
1 |
|
|a экспонометры
|
| 700 |
|
1 |
|a Волков
|b В. Г.
|c физик
|c старший научный сотрудник Томского политехнического университета, кандидат технических наук
|f 1948-
|g Владимир Григорьевич
|3 (RuTPU)RU\TPU\pers\34390
|9 17845
|
| 701 |
|
1 |
|a Штейн
|b М. М.
|c физик
|c заведующий лабораторией Томского политехнического университета, кандидат технических наук
|f 1938-
|g Михаил Михайлович
|3 (RuTPU)RU\TPU\pers\31481
|
| 712 |
0 |
2 |
|a Томский политехнический университет (ТПУ)
|b Научно-исследовательский институт интроскопии (НИИ ИН)
|3 (RuTPU)RU\TPU\col\863
|
| 801 |
|
1 |
|a RU
|b 63413507
|c 20120201
|
| 801 |
|
2 |
|a RU
|b 63413507
|c 20160524
|g RCR
|
| 856 |
4 |
|
|u http://www1.fips.ru/fips_servl/fips_servlet?DB=RUPAT&rn=3441&DocNumber=1328774&TypeFile=html
|
| 942 |
|
|
|c CF
|